Statistics for Countries By Number Of Military Personnel

Click here to take the quiz!

General Stats

  • This quiz has been taken 20 times
  • The average score is 8 of 10

Answer Stats

StrengthCountry% Correct
3,205,000China
100%
5,137,500India
94%
7,769,000North Korea
94%
3,568,000Russia
94%
2,229,250United States
94%
2,101,500Brazil
89%
6,708,000South Korea
78%
1,314,500Egypt
72%
1,831,450Taiwan
56%
5,522,000Vietnam
44%

Score Distribution

Percentile by Number Answered

Percent of People with Each Score

Your Score History

You have not taken this quiz